Quizzes
Events
Quiz Creation
Community
Videos
Private Events
Remove Ads
Sign In
Join for FREE
Feedback
Dark Mode
Quiz Categories
Sports
Geography
Music
Movies
Television
Just For Fun
Miscellaneous
History
Literature
Language
Science
Gaming
Entertainment
Religion
Holiday
For Kids
Quiz Lab
Recent
Popular Today
Quiz Kudos Today
Editor Picks
Curator Picks
Quizzes by...
Day
Popularity
Type
Ratings
Length
Year
Community
Subscriptions
Recent Discussions
Orange Saloon
Badges
Playlists
Quests
Create
Leaderboards
Showdown
Live 5
Trivia Bingo
Activity
Puzzle Library
Sporcle Events
Private Events
Virtual Trivia
Globe League
Become a Host
Pub Owners
SporcleCon
Opinionation
Our Games
Videos
Blog
Mobile Apps
Partnerships
Remove Ads and Go Orange
Feedback
Holiday
Halloween
Christmas
Holiday Songs
April Fools'
Thanksgiving
Valentine's Day
Easter
St Patrick's Day
National Holiday
Religious Holiday
Holiday
Halloween
Christmas
Holiday Songs
April Fools'
Thanksgiving
Valentine's Day
Easter
St Patrick's Day
National Holiday
Religious Holiday
Random Quiz
Search Sporcle
×
Quiz Lab
Quiz Lab
Holiday
Religious Holiday
Type in answers that appear in a list
Type in answers that appear in a list
Classic
Best Score? Go Orange.
20 Winter/Christmas Words Stats
Can you name the 20 Winter/Christmas Words?
By
chickennuggets27
6m
20 Questions
1,273 Plays
1,273 Plays
1,273 Plays
Comments
Comments
Give Quiz Kudos
Give Quiz Kudos
-
- Ratings
hide this ad
Replay
Link that replays current quiz
Next Quiz
Link to next quiz in quiz playlist
You Got
0%
They Got
Avg Score
23%
Avg Friend Score
Upgrade to see
Score Distribution
Jump to the score distribution portion of the page
Score
0/20
Timer
06:00
0
Plays Today
Begins with
Word
% Correct
S
Santa
78.3%
T
Tree
69%
R
Reindeer
55.9%
P
Presents
49.4%
H
Holly
36.8%
E
Elves
29.4%
L
Lights
25.4%
A
Angels
22.5%
Q
Queen
14.1%
F
Family
13.4%
Begins with
Word
% Correct
D
Decorations
13.3%
I
Igloo
11.2%
C
Candy Canes
10.4%
K
Kings
10.1%
B
Baubles
9.7%
N
Nativity
9.1%
G
Grotto
6%
M
Music
5.7%
J
Jumper
5.6%
O
Oranges
4%
Quiz Playlist
Details
Report
Send in Message
Add To Playlist
Classic:
Type in answers that appear in a list
Last Updated: Feb 16, 2017
Quiz Scoreboard
CHALLENGE
Sign Up to Join the Scoreboard
Show All
Scores
Hide
Comments
May contain spoilers
Recently Published
Click the 1999 NBA Draft
by nibperrychub
Sports
2m
Alphabetical 'K' Countries by Flag Minefield
by ylime102
Geography
3m
Pick 6: Fruits
by JohnFran
Miscellaneous
15s
More to Explore
Quiz From the Vault
Featured Blog Post
15 Basketball Trivia Facts You Can Be March Mad About
hide this ad
You Might Also Like...
Tags
Christmas Quiz
Religious Holiday Quiz
Winter
Today's Top Quizzes in Holiday
Browse Holiday
hide this ad
Today's Top Quizzes in Religious Holiday
Browse Religious Holiday
Top Contributed Quizzes in Holiday
1
Pick 6: Holidays
2
Pick 6: Halloween Costumes
3
Pick 6: Christmas
4
Pick 6: Christmas Villains
5
Seasons Vowels
6
Sunday Crossword: St. Patrick's Day
7
7-to-1: Easter
8
One Subcategory in 15 Categories - Easter
9
Spring Holidays Are Everywhere
10
April Fools' Match
Explore More
Trending Topics
Crossword
Kpop
Harry Potter
Anime
Marvel
NBA
Disney
Country
Pokémon
Soccer
Song
WWE
NFL
The Office
Puzzle
hide this ad
More By:
chickennuggets27
Quiz
Plays
Rating
Category
Featured
Created
20 Winter/Christmas Words
1,273
1.34
Holiday
Dec 21, 2009
Michael Jackson Songs
365
2.67
Music
Dec 21, 2009
2009 X Factor Top 12
291
Entertainment
Dec 21, 2009
Go to Creator's Profile
Score Distribution
Quiz Creator Spotlight
chickennuggets27
Follow
Send a Message
Quizzes Created
-
Created Quiz Play Count
-
More By This Creator
Popular Quizzes Today
1
Countries of Asia Without Outlines Minefield
2
Find the US States - No Outlines Minefield
3
Pick 6: Fruits
4
Alphabetical 'K' Countries by Flag Minefield
5
The Countries of the World
6
Find the US States
7
US States
8
Match the Book to the Film X
More Holiday Quizzes
Get the Picture: Marvel & DC Halloween
Curator's Pick
Trending Quizzes
Pick 6: Harry Potter
Pick 6: Mountains
Pick 6: NFL Teams
Pick 6: Flags
Pick 6: Movie Franchises
Recently Updated
NWSL Teams
pecheneg
Women's Final Four Teams by Year
bhenderson79
Presidents Quartet II
eogle
Anything But Clue(do)
eogle
Anything But Oceanian Capitals
eogle
Anything But 7
eogle
Anything But Thing
eogle
Word Ladder: February 29
pecheneg
Song Title Questions
pecheneg
Women's NCAA Tournament #1 Seeds
pecheneg
Trending Topics
Crossword
Harry Potter
Kpop
Disney
Marvel
Anime
NBA
Soccer
The Office
Puzzle
NFL
WWE
Country
Song
Pokémon
Your Account Isn't Verified!
In order to create a playlist on Sporcle, you need to verify the email address you used during registration. Go to your
Sporcle Settings
to finish the process.
Report this User
Report this user for behavior that violates our
Community Guidelines
.
Details:
Send Report
Go to the Sporcle.com Mobile Site →
Comments